000 00502nam a22001937a 4500
003 BUBTL
008 160724b xxu||||| |||| 00| 0 eng d
082 _a005.73KUD
100 _9703
_aKruse,Robert/ Tondo C.L.
245 _aData Structures & Program Design in C
250 _a2nd
260 _aNew Delhi
_bPearson
_cc2007
300 _a[xvi],607p.
_c23cm.
650 0 _9460
_aComputer Science
760 _b2nd
856 _k0
_l0
_yDownload
942 _2ddc
_cBK
999 _c5289
_d5289